Państwa na terenach Polski w 1500r. - Statystyki

Ogólne statystyki
  • Ten quiz został rozwiązany 318 razy
  • Średni wynik to 4 z 8
Statystyki odpowiedzi
Odpowiedź % Poprawnych
Litwa
86%
Czechy
80%
Polska
68%
Węgry
57%
Prusy
51%
Brandenburgia
24%
Pomorze
19%
Mazowsze
12%
Nie znaleziono quizów pasujących do podanych kryteriów
Rozkład punktacji
Procent ludzi z każdym wynikiem
Percentyl według liczby udzielonych odpowiedzi
Twoja historia wyników
Nie rozwiązałeś tego quizu